000 00912nam a2200241 a 4500
003 CBULib
005 20240808101017.0
008 111101s2011 ||||||||||||||||| || u
020 _a9789211128222
040 _aCBULib
_bEnglish
_cCBULib
_erda
041 _aeng
050 _aUNCTAD(058)TDR/2011
110 _aUnited Nations Conference on Trade and Development (UNCTAD)
245 1 0 _aTrade and development report, 2011: post-crisis policy challenges in the world economy
_c/ by United Nations Conference on Trade and Development (UNCTAD)
260 _aNew York :
_bUnited Nations,
_c2011.
300 _avarious pages, 190 pages : illustrations
336 _2rdacontent
_aText |
_btxt
337 _2rdamedia
_aUnmediated |
_bn
338 _2rdacarrier
_aVolume
_bnc
650 0 _aINTERNATIONAL ECONOMIC RELATIONS--HANDBOOKS, MANUALS, E.T.C
650 0 _aINTERNATIONAL ECONOMIC RELATIONS
942 _2mc
_c029
999 _c81375
_d81375